000 00622nam a22001577a 4500
003 OSt
005 20151112111209.0
008 151112b xxu||||| |||| 00| 0 eng d
040 _cRUA
082 _aFOR LEA 2004 B130 Or.1
100 _93597
_aLEANG, HORN.
245 _afirewood utilization in smoked fish production in ampong chhnang province (ការប្រើប្រាស់អុសក្នុងផលិតកម្មត្រីឆ្អើរទៅក្នុងខេត្តកំពង់ឆ្នាំង)
260 _aPhnom Penh
_bRUA
_c2004
300 _axi, 51p.
_bill.
_c29cm.
942 _2ddc
_cFOR
999 _c3348
_d3348